| 000 | 00429 a2200157 4500 | ||
|---|---|---|---|
| 020 | _aN/S | ||
| 040 | _aULA-LD-MS | ||
| 082 | _a658.3 | ||
| 100 |
_91049 _a PERREIRA, Paulino Joaquim Araj͠o |
||
| 245 | _aA influn̊cia da lideranȧ nas empresas, Estudo de Caso, na Escola de Sad͠e Castelo, Lda ) ESCA) | ||
| 250 | _aUniversidade Lusa̕da | ||
| 260 | _aLuanda | ||
| 300 | _a144p | ||
| 650 | _aRecursos Humanos | ||
| 942 | _cTFC | ||
| 999 |
_c2223 _d2223 |
||